Normal view
MARC view
- التربية البدنية-التدريب الرياضي-التعليم ما قبل المدرسة-التعليم الابتدائي
Entry Topical Term
001 - CONTROL NUMBER
- control field: 60547
003 - CONTROL NUMBER IDENTIFIER
- control field: JO-AjAnu
005 - DATE AND TIME OF LATEST TRANSACTION
- control field: 20230606083909.0
008 - FIXED-LENGTH DATA ELEMENTS
- fixed length control field: 230606|| aca||aabn | a|a d
040 ## - CATALOGING SOURCE
- Original cataloging agency: JO-AjAnu
- Transcribing agency: JO-AjAnu
150 ## - HEADING--TOPICAL TERM
- Topical term or geographic name entry element: التربية البدنية-التدريب الرياضي-التعليم ما قبل المدرسة-التعليم الابتدائي
670 ## - SOURCE DATA FOUND
- Source citation: Work cat.: (JO-AjAnu)30876: كلاب، سهيل ؛ م.مشارك امال البوسيفي, author 60546, التربية الحركية لمرحلة رياض الاطفال